Select readings : (Record no. 9204)
[ view plain ]
| 000 -LEADER | |
|---|---|
| fixed length control field | 01429nac a22003731u 4500 |
| 003 - CONTROL NUMBER IDENTIFIER | |
| control field | EG-ScBUE |
| 005 - DATE AND TIME OF LATEST TRANSACTION | |
| control field | 20220625134412.0 |
| 008 - FIXED-LENGTH DATA ELEMENTS--GENERAL INFORMATION | |
| fixed length control field | 080805t2004 nyuab f 000 0 eng d |
| 020 ## - INTERNATIONAL STANDARD BOOK NUMBER | |
| International Standard Book Number | 0194391264 (CD-ROM- Pre-Intermediate) |
| 020 ## - INTERNATIONAL STANDARD BOOK NUMBER | |
| International Standard Book Number | 0194391272 (CD-ROM- Intermediate) |
| 020 ## - INTERNATIONAL STANDARD BOOK NUMBER | |
| International Standard Book Number | 0194391280 (CD-ROM- Upper-Intermediate) |
| 020 ## - INTERNATIONAL STANDARD BOOK NUMBER | |
| International Standard Book Number | 9780194386012 |
| 020 ## - INTERNATIONAL STANDARD BOOK NUMBER | |
| International Standard Book Number | 0194386015 |
| 040 ## - CATALOGING SOURCE | |
| Original cataloging agency | EG-ScBUE |
| Language of cataloging | eng |
| Description conventions | rda |
| Transcribing agency | EG-ScBUE |
| Modifying agency | EG-ScBUE |
| 082 ## - DEWEY DECIMAL CLASSIFICATION NUMBER | |
| Classification number | 428.43 |
| Item number | LEE |
| Edition number | 22 |
| 100 1# - MAIN ENTRY--PERSONAL NAME | |
| Personal name | Lee, Linda, |
| Relator term | author. |
| 9 (RLIN) | 14002 |
| 245 10 - TITLE STATEMENT | |
| Title | Select readings : |
| Remainder of title | upper intermediate / |
| Statement of responsibility, etc | Linda Lee, Erik Gundersen. |
| 264 #1 - PUBLICATION, DISTRIBUTION, ETC. (IMPRINT) | |
| Place of publication, distribution, etc | New York, NY ; |
| -- | Oxford : |
| Name of publisher, distributor, etc | Oxford University Press, |
| Date of publication, distribution, etc | [2004] |
| 264 #4 - PUBLICATION, DISTRIBUTION, ETC. (IMPRINT) | |
| Date of publication, distribution, etc | c2004 |
| 300 ## - PHYSICAL DESCRIPTION | |
| Extent | 3 volumes : |
| Other physical details | illustrations (some color), color maps ; |
| Dimensions | 26 cm + |
| Accompanying material | 4 CD |
| 336 ## - CONTENT TYPE | |
| Source | rdacontent |
| Content type term | text |
| Content type code | txt |
| 336 ## - CONTENT TYPE | |
| Source | rdacontent |
| Content type term | sounds |
| Content type code | snd |
| 337 ## - MEDIA TYPE | |
| Source | rdamedia |
| Media type term | unmediated |
| Media type code | n |
| 337 ## - MEDIA TYPE | |
| Source | rdamedia |
| Media type term | audio |
| Media type code | s |
| 338 ## - CARRIER TYPE | |
| Source | rdacarrier |
| Carrier type term | volume |
| Carrier type code | nc |
| 338 ## - CARRIER TYPE | |
| Source | rdacarrier |
| Carrier type term | computer disc |
| Carrier type code | cd |
| 505 ## - FORMATTED CONTENTS NOTE | |
| Formatted contents note | [1] Pre-intermediate / Linda Lee ; Erik Gundersen -- [2] Intermediate / Linda Lee ; Erik Gundersen -- [3] Upper-intermediate / Jean Bernard ; Linda Lee . |
| 650 #7 - SUBJECT ADDED ENTRY--TOPICAL TERM | |
| Topical term or geographic name as entry element | English language |
| Form subdivision | Textbooks for foreign speakers. |
| 9 (RLIN) | 14003 |
| Source of heading or term | BUEsh |
| 651 ## - SUBJECT ADDED ENTRY--GEOGRAPHIC NAME | |
| Source of heading or term | BUEsh |
| 653 ## - INDEX TERM--UNCONTROLLED | |
| Resource For college | Humanities: English |
| 655 ## - INDEX TERM--GENRE/FORM | |
| Form subdivision | Reading book |
| 9 (RLIN) | 34232 |
| 700 1# - ADDED ENTRY--PERSONAL NAME | |
| Personal name | Bernard, Jea, |
| Relator term | author. |
| 9 (RLIN) | 14005 |
| 942 ## - ADDED ENTRY ELEMENTS (KOHA) | |
| Koha item type | Book - Borrowing |
| Source of classification or shelving scheme | Dewey Decimal Classification |
| Withdrawn status | Lost status | Source of classification or shelving scheme | Damaged status | Not for loan | Collection code | Home library | Current library | Shelving location | Date acquired | Source of acquisition | Total Checkouts | Full call number | Barcode | Date last seen | Date checked out | Price effective from | Koha item type | Public note | Uniform Resource Identifier | Cost, replacement price | Total Renewals |
|---|---|---|---|---|---|---|---|---|---|---|---|---|---|---|---|---|---|---|---|---|---|
| Dewey Decimal Classification | Central Library | Central Library | Second Floor | 20/04/2008 | 3 | 428.43 LEE | 000010696 | 15/07/2025 | 24/02/2013 | 20/04/2008 | Book - Borrowing | Pre-Intermediate | |||||||||
| Dewey Decimal Classification | Central Library | Central Library | Second Floor | 20/04/2008 | 428.43 LEE | 000013482 | 24/08/2022 | 05/08/2008 | CD | DVD - With book | Pre-Intermediate | 13865 | 2008.00 | |||||||||
| Dewey Decimal Classification | Central Library | Central Library | Second Floor | 16/05/2010 | 3 | 428.43 LEE | 000010698 | 15/07/2025 | 24/02/2016 | 16/05/2010 | Book - Borrowing | Upper-Intermediate | 4 | ||||||||
| Dewey Decimal Classification | Central Library | Central Library | Second Floor | 16/05/2010 | 1 | 428.43 LEE | 000013485 | 24/08/2022 | 09/12/2013 | 16/05/2010 | CD | DVD - With book | 2CDs Upper-Intermediate | |||||||||
| Dewey Decimal Classification | Central Library | Central Library | Second Floor | 16/05/2010 | 1 | 428.43 LEE | 000013496 | 24/08/2022 | 16/04/2013 | 16/05/2010 | CD | DVD - With book | Intermediate | 1 | ||||||||
| Dewey Decimal Classification | Central Library | Central Library | Second Floor | 16/05/2010 | 3 | 428.43 LEE | 000010697 | 15/07/2025 | 03/06/2015 | 16/05/2010 | Book - Borrowing | Intermediate | 1 |